Historiae sanctorum omnium nationum, ordinum et temporum, ex probatis R.P.F. Laurentii Surii Carthusiani tomis, in epitomen redactae. Summa fide digestae, phrasi auctorum servata, imitatione Bedae, Usuardi, & Dn. Joannis Molani; adjectis etiam aliis plurimis fide dignis

Detalles Bibliográficos
Autor principal: Haraeus, Franciscus m. 1632
Formato: Libro
Lenguaje:Latin
Publicado: Coloniae Agrippinae 1630
Materias:
Colección:Banco de datos
Acervo:Biblioteca Armando Olivares Carrillo de la Universidad de Guanajuato. Fondo Conventos
Descripción Física:[22] h., 807 p. il. f°
Tema general:Hagiografía
Notas:Incluye retrato de R.P.F. Laurentii Surii Carthusiani en grabado xilográfico
Marca de fuego: Convento de san Francisco de Salamanca, Gto.
Daños en la encuadernación
LEADER 01238nam a22002050004500
035 |a 4843 
041 0 |a lat 
050 4 |a BR1710  |b H3 
100 1 |a Haraeus, Franciscus  |d m. 1632 
245 1 0 |a Historiae sanctorum omnium nationum, ordinum et temporum, ex probatis R.P.F. Laurentii Surii Carthusiani tomis, in epitomen redactae. Summa fide digestae, phrasi auctorum servata, imitatione Bedae, Usuardi, & Dn. Joannis Molani; adjectis etiam aliis plurimis fide dignis  |c opera Francisci Haraei ultraiectini, S. theologiae Licentiati. Opus novum, duplo auctum, illustratumque chronologia ubique aperta, & notationibus variis ex scriptis illustriss. Dn. Caesaris Baronii Cardin. Onuphrii, Molani, & aliorum 
260 |a Coloniae Agrippinae  |b ex officina typographica Quenteliana ; apud Joannem Kreps  |c 1630 
300 |a [22] h., 807 p.  |b il.  |c f° 
500 |a Incluye retrato de R.P.F. Laurentii Surii Carthusiani en grabado xilográfico 
500 |a Marca de fuego: Convento de san Francisco de Salamanca, Gto.  
500 |a Daños en la encuadernación  
650 1 0 |a Hagiografía 
949 |a CO. 8822 
942 |c GUANAJUATO 
943 |g Biblioteca Armando Olivares Carrillo de la Universidad de Guanajuato. Fondo Conventos 
999 |c 1148800  |d 1148800